[Event "LSS SN-2009-0-00157"]
[Site "LSS email"]
[Date "2009.06.03"]
[Round "?"]
[White "Andreani, Carlo"]
[Black "Liczano, Jose"]
[Result "1-0"]
[WhiteElo "800"]
[BlackElo "385"]
[PlyCount "37"]
[EventDate "2009.05.11"]
[EventType "tourn (corr)"]
[EventRounds "6"]
[EventCountry "GER"]
[SourceTitle "Corr 2011"]
[Source "ChessBase"]
[SourceDate "2010.08.31"]
[SourceVersion "1"]
[SourceVersionDate "2010.08.31"]
[SourceQuality "1"]

1. b3 e5 2. Bb2 Bd6 3. e3 Nf6 4. Nf3 0-0 5. Bd3 b6 6. Ng5 h6 7. Ne4 Nd5 8. Qh5 Ba6 9. h4 Nb4 10. g4 Nxd3+ 11. cxd3 Bb4 12. g5 Nc6 13. Nf6+ Kh8 14. gxh6 Qxf6 15. hxg7+ Kxg7 16. Rg1+ Qg6 17. Rg5 f6 18. Qxg6+ Kh8 19. Qh6# 1-0

[Event "LSS SN-2009-0-00157"]
[Site "LSS email"]
[Date "2009.06.03"]
[Round "?"]
[White "Liczano, Jose"]
[Black "Lanier, Jeff"]
[Result "0-1"]
[WhiteElo "383"]
[BlackElo "827"]
[PlyCount "28"]
[EventDate "2009.05.11"]
[EventType "tourn (corr)"]
[EventRounds "6"]
[EventCountry "GER"]
[SourceTitle "Corr 2015"]
[Source "ChessBase"]
[SourceDate "2015.07.17"]
[SourceVersion "1"]
[SourceVersionDate "2015.07.17"]
[SourceQuality "1"]

1. d4 d5 2. Bf4 Nc6 3. Nf3 a6 4. e3 h6 5. Bd3 Nf6 6. 0-0 Bg4 7. Qe1 e6 8. Nc3 Bxf3 9. Be2 Bxe2 10. Qxe2 Qd7 11. Qf3 Bd6 12. Bxd6 Qxd6 13. Rae1 0-0-0 14. Qh5 Nxh5 0-1

[Event "LSS RN-2009-0-00207"]
[Site "LSS email"]
[Date "2009.05.01"]
[Round "?"]
[White "Groznyi, Ivan"]
[Black "Liczano, Jose"]
[Result "1-0"]
[WhiteElo "1268"]
[BlackElo "383"]
[PlyCount "29"]
[EventDate "2009.04.07"]
[EventType "tourn (corr)"]
[EventRounds "6"]
[EventCountry "GER"]
[SourceTitle "Corr 2015"]
[Source "ChessBase"]
[SourceDate "2015.07.17"]
[SourceVersion "1"]
[SourceVersionDate "2015.07.17"]
[SourceQuality "1"]

1. b4 e5 2. Bb2 Bd6 3. Nf3 e4 4. Bxg7 Nc6 5. Bxh8 Nf6 6. b5 Nb4 7. Nd4 Qe7 8. Nf5 Qe5 9. Nxd6+ Qxd6 10. Nc3 Ng4 11. e3 Qh6 12. a3 Qh4 13. Nxe4 d5 14. Ng3 Qf6 15. Bxf6 1-0

[Event "LSS SN-2009-0-00147"]
[Site "LSS email"]
[Date "2009.04.13"]
[Round "?"]
[White "Liczano, Jose"]
[Black "Brouwer, Mariska Angela"]
[Result "0-1"]
[WhiteElo "490"]
[BlackElo "800"]
[PlyCount "34"]
[EventDate "2009.03.26"]
[EventType "tourn (corr)"]
[EventRounds "6"]
[EventCountry "GER"]
[SourceTitle "Corr 2011"]
[Source "ChessBase"]
[SourceDate "2010.08.31"]
[SourceVersion "1"]
[SourceVersionDate "2010.08.31"]
[SourceQuality "1"]

1. e4 c5 2. Bb5 a6 3. Bc4 e6 4. Nf3 Nf6 5. Ne5 d6 6. Nf3 d5 7. exd5 exd5 8. Bb3 Qe7+ 9. Qe2 c4 10. Ba4+ b5 11. Qxe7+ Bxe7 12. 0-0 bxa4 13. Nc3 Nc6 14. b3 axb3 15. cxb3 Bg4 16. Ng5 h6 17. Na4 hxg5 0-1

[Event "LSS OP-2009-0-00798"]
[Site "LSS email"]
[Date "2009.03.27"]
[Round "?"]
[White "Liczano, Jose"]
[Black "Venturini, Sergio"]
[Result "0-1"]
[WhiteElo "412"]
[BlackElo "800"]
[PlyCount "48"]
[EventDate "2009.03.23"]
[EventType "tourn (corr)"]
[EventRounds "4"]
[EventCountry "GER"]
[SourceTitle "Corr 2011"]
[Source "ChessBase"]
[SourceDate "2010.08.31"]
[SourceVersion "1"]
[SourceVersionDate "2010.08.31"]
[SourceQuality "1"]

1. e4 d5 2. Bb5+ c6 3. Bd3 dxe4 4. Bxe4 e5 5. Nf3 f5 6. Bd3 e4 7. Ne5 Bd6 8. Nc4 exd3 9. cxd3 Qe7+ 10. Ne3 f4 11. Qh5+ g6 12. Qa5 fxe3 13. dxe3 Bb4+ 14. Bd2 Bxa5 15. Bxa5 Nf6 16. 0-0 b6 17. Bc3 0-0 18. Na3 Ba6 19. Rfd1 Nbd7 20. Nc2 c5 21. d4 Ne4 22. Be1 Be2 23. Rdc1 Qg5 24. f3 Bxf3 0-1

[Event "LSS RN-2009-0-00199"]
[Site "LSS email"]
[Date "2009.03.20"]
[Round "?"]
[White "Znak, Nicholas"]
[Black "Liczano, Jose"]
[Result "1-0"]
[WhiteElo "827"]
[BlackElo "383"]
[PlyCount "29"]
[EventDate "2009.03.06"]
[EventType "tourn (corr)"]
[EventRounds "6"]
[EventCountry "GER"]
[SourceTitle "Corr 2015"]
[Source "ChessBase"]
[SourceDate "2015.07.17"]
[SourceVersion "1"]
[SourceVersionDate "2015.07.17"]
[SourceQuality "1"]

1. e4 e5 2. Nf3 d6 3. d4 c5 4. dxe5 Nc6 5. exd6 Bxd6 6. Nc3 Nf6 7. Bb5 0-0 8. Bxc6 bxc6 9. 0-0 Bg4 10. Qd3 Qe7 11. Bg5 Qb7 12. Bxf6 Qxb2 13. Qxd6 Rad8 14. Bxd8 Rxd8 15. Qxd8# 1-0

[Event "LSS OP-2009-0-00781"]
[Site "LSS email"]
[Date "2009.03.08"]
[Round "?"]
[White "Liczano, Jose"]
[Black "Raluy Lopez, Marcos"]
[Result "0-1"]
[WhiteElo "490"]
[BlackElo "1459"]
[PlyCount "40"]
[EventDate "2009.03.03"]
[EventType "tourn (corr)"]
[EventRounds "4"]
[EventCountry "GER"]
[SourceTitle "Corr 2011"]
[Source "ChessBase"]
[SourceDate "2010.08.31"]
[SourceVersion "1"]
[SourceVersionDate "2010.08.31"]
[SourceQuality "1"]

1. d4 d5 2. e3 Bf5 3. Nc3 e6 4. Bb5+ c6 5. Ba4 a5 6. Nf3 b5 7. Bb3 a4 8. Ne5 axb3 9. Qh5 Qc7 10. 0-0 Nf6 11. Qg5 bxc2 12. a4 b4 13. Bd2 bxc3 14. bxc3 h6 15. Qg3 Ne4 16. Qf3 Nxd2 17. Qh5 Nxf1 18. Kxf1 Bd6 19. Nf3 Rxa4 20. Rc1 0-0 0-1

[Event "LSS OP-2009-0-00781"]
[Site "LSS email"]
[Date "2009.03.07"]
[Round "?"]
[White "Liczano, Jose"]
[Black "Plotnikov, Vladimir Anatolievi"]
[Result "0-1"]
[WhiteElo "490"]
[BlackElo "1591"]
[PlyCount "42"]
[EventDate "2009.03.03"]
[EventType "tourn (corr)"]
[EventRounds "4"]
[EventCountry "GER"]
[SourceTitle "Corr 2011"]
[Source "ChessBase"]
[SourceDate "2010.08.31"]
[SourceVersion "1"]
[SourceVersionDate "2010.08.31"]
[SourceQuality "1"]

1. e4 c5 2. c4 Nc6 3. Bd3 Nf6 4. Nf3 g6 5. 0-0 d6 6. Bc2 Bg7 7. Nc3 0-0 8. d3 Bg4 9. Ba4 Nd4 10. Nb5 Nxf3+ 11. Kh1 Nxh2 12. Kxh2 Bxd1 13. Rxd1 Ng4+ 14. Kg3 f5 15. Bf4 fxe4 16. dxe4 Rxf4 17. Kxf4 Qf8+ 18. Kxg4 Be5 19. Nc7 Qf4+ 20. Kh3 Qh2+ 21. Kg4 Qh5# 0-1

[Event "LSS OP-2009-0-00781"]
[Site "LSS email"]
[Date "2009.03.07"]
[Round "?"]
[White "Szoller, Terez"]
[Black "Liczano, Jose"]
[Result "1-0"]
[WhiteElo "1362"]
[BlackElo "490"]
[PlyCount "39"]
[EventDate "2009.03.03"]
[EventType "tourn (corr)"]
[EventRounds "4"]
[EventCountry "GER"]
[SourceTitle "Corr 2011"]
[Source "ChessBase"]
[SourceDate "2010.08.31"]
[SourceVersion "1"]
[SourceVersionDate "2010.08.31"]
[SourceQuality "1"]

1. d4 d5 2. c4 dxc4 3. e3 e6 4. Bxc4 Bb4+ 5. Nc3 Bd7 6. Nf3 Nf6 7. 0-0 Bd6 8. e4 Ng4 9. h3 Nf6 10. e5 Bb4 11. exf6 Qxf6 12. Qb3 Bd6 13. Qxb7 Bc6 14. Bb5 0-0 15. Bxc6 Qf5 16. Qxa8 Qd3 17. Bb5 Qf5 18. Qe4 Qf6 19. Bg5 Qg6 20. Qxg6 1-0

[Event "LSS RN-2008-0-00172"]
[Site "LSS email"]
[Date "2009.01.10"]
[Round "?"]
[White "Liczano, Jose"]
[Black "Dante, Romanazzi"]
[Result "0-1"]
[WhiteElo "544"]
[BlackElo "793"]
[PlyCount "48"]
[EventDate "2009.01.08"]
[EventType "tourn (corr)"]
[EventRounds "6"]
[EventCountry "GER"]
[SourceTitle "Corr 2011"]
[Source "ChessBase"]
[SourceDate "2010.08.31"]
[SourceVersion "1"]
[SourceVersionDate "2010.08.31"]
[SourceQuality "1"]

1. e4 e5 2. Bc4 d6 3. Bb5+ c6 4. Bc4 Ne7 5. Nf3 Bg4 6. h3 Bh5 7. Ng5 Bxd1 8. Kxd1 d5 9. exd5 cxd5 10. Bb5+ Nd7 11. Nc3 h6 12. Nf3 a6 13. Be2 f6 14. d3 Ng6 15. Be3 d4 16. Bxd4 exd4 17. Nd5 Nde5 18. Ke1 Qxd5 19. c4 Qa5+ 20. b4 Bxb4+ 21. Nd2 Bxd2+ 22. Kd1 Bc3 23. Rb1 Qxa2 24. Rc1 Qd2# 0-1

[Event "LSS SN-2008-0-00126"]
[Site "LSS email"]
[Date "2008.12.25"]
[Round "?"]
[White "Liczano, Jose"]
[Black "Wood, Brian B"]
[Result "0-1"]
[WhiteElo "490"]
[BlackElo "604"]
[PlyCount "36"]
[EventDate "2008.12.18"]
[EventType "tourn (corr)"]
[EventRounds "6"]
[EventCountry "GER"]
[SourceTitle "Corr 2011"]
[Source "ChessBase"]
[SourceDate "2010.08.31"]
[SourceVersion "1"]
[SourceVersionDate "2010.08.31"]
[SourceQuality "1"]

1. e4 e5 2. Bc4 Nf6 3. Ne2 Bc5 4. 0-0 0-0 5. d3 h6 6. Ng3 d6 7. Qh5 Nxh5 8. Nxh5 Be6 9. d4 Bxc4 10. Nc3 Bxf1 11. dxc5 Bc4 12. b3 Be6 13. Be3 f5 14. Re1 f4 15. Bd2 dxc5 16. f3 Qxd2 17. h3 Qxe1+ 18. Kh2 Qxc3 0-1

[Event "LSS SN-2008-0-00121"]
[Site "LSS email"]
[Date "2008.11.13"]
[Round "?"]
[White "Liczano, Jose"]
[Black "Tjiptadi, Kudus"]
[Result "0-1"]
[WhiteElo "544"]
[BlackElo "984"]
[PlyCount "58"]
[EventDate "2008.11.09"]
[EventType "tourn (corr)"]
[EventRounds "6"]
[EventCountry "GER"]
[SourceTitle "Corr 2011"]
[Source "ChessBase"]
[SourceDate "2010.08.31"]
[SourceVersion "1"]
[SourceVersionDate "2010.08.31"]
[SourceQuality "1"]

1. e4 d6 2. Nf3 Nf6 3. e5 dxe5 4. Nxe5 e6 5. Bb5+ c6 6. Bc4 b5 7. Nxc6 Nxc6 8. 0-0 bxc4 9. d3 cxd3 10. cxd3 Bd6 11. Be3 0-0 12. Qb3 Ba6 13. Rd1 Rb8 14. Qa4 Bb7 15. Nc3 Nb4 16. a3 Nxd3 17. Rxd3 Bxh2+ 18. Kh1 Qxd3 19. Kxh2 Be4 20. Nxe4 Nxe4 21. Bc5 Nxc5 22. Rd1 Nxa4 23. Rxd3 Rxb2 24. Rf3 Nc5 25. Rc3 Ne4 26. Re3 Nxf2 27. Rf3 h5 28. Rb3 Rxb3 29. Kg1 Ng4 0-1